000 00471pab a2200181 454500
008 180718b2009 xxu||||| |||| 00| 0 eng d
100 _aWilson, Therese
245 _aProtection the most vulnerable in consumer credit transactions
260 _c2009
300 _ap.117-140.
362 _aJun
650 _aConsumer protection
700 _aSheehan, Genevieve
700 _aHowell, Nicola
773 _aJournal of Consumer Policy
908 _aN
909 _a90496
999 _c90496
_d90496